Lengua y literatura 1 : prácticas del lenguaje /
Guardado en:
| Autor Principal: | |
|---|---|
| Otros Autores: | , |
| Formato: | Libro |
| Publicado: |
Buenos Aires :
Santillana,
2009
|
| Series: | Saber es clave
|
| Materias: | |
| Etiquetas: |
Agregar Etiqueta
Sin Etiquetas, Sea el primero en etiquetar este registro!
|
| LEADER | 01103nam a22002775a 4500 | ||
|---|---|---|---|
| 001 | CEM.cems013287 | ||
| 005 | 20100315092352.0 | ||
| 008 | 130507s2009##################000#0#####d | ||
| 003 | CEMS | ||
| 020 | |a 9789504621768 | ||
| 082 | 0 | 4 | |a 468 |
| 100 | 1 | |a Avendaño, Fernando C. | |
| 245 | 1 | 0 | |a Lengua y literatura 1 : |b prácticas del lenguaje / |c Fernando C. Avendaño ... [et. Al.] |
| 260 | |a Buenos Aires : |b Santillana, |c 2009 | ||
| 300 | |a 224 p. | ||
| 490 | 0 | |a Saber es clave | |
| 505 | 0 | |a La literatura y otros discursos -- Códigos para descifrar -- Historias para temblar -- Cuentos de todos los tiempos -- A vivir la aventura? -- Decir en verso -- Entre leyendas y mitos -- Fantásticos, los cuentos -- Teatro para todos -- La ciencia en la ficción -- Gramática, normativa y ortografía | |
| 653 | |a Lengua | ||
| 653 | |a Literatura | ||
| 653 | |a Lengua- 7º egb | ||
| 653 | |a Lengua-1º es | ||
| 653 | |a Literatura-7º egb | ||
| 653 | |a Literatura-1º es | ||
| 700 | 1 | |a Ballanti, Graciela I. | |
| 700 | 1 | |a Incarnato, Alicia N. | |
| 859 | |a CEMS |b BIB. CEMS - 11 de abril |h 468 |i Av35 |p 25777.10 |t Ej.1 |v 1 |3 1 | ||
